000 002820000a22001330004500
003 MACL
040 _aMACL
090 _c39648
_d39646
100 _aMohl, Par Jules
245 _aLe Liver Des Rois
260 _bImprimerie Nationale
650 _aLiterature
942 _cBOOK
_k800/MOH
999 _c39216
_d39216